000 00629nam a2200193Ii 4500
003 JO-AjNU
008 230605s9999||||xx |||||||||||||| ||und||
040 _aJO-AjNU
_bara
_erda
_cJO-AjNU
041 _aara
050 1 4 _aS471.A7B2 1995
100 3 _aبلبع ، عبدالمنعم,
_eauthor
_913920
245 0 0 _aاضواء علي الزراعة العربية
264 3 1 _aالقاهرة:دار المطبوعات الجديدة ، 1995
300 _a486ص
336 _atext
_btxt
_2rdacontent
337 _aunmediated
_bn
_2rdamedia
338 _avolume
_bnc
_2rdacarrier
650 4 _aالزراعة العربية
_913921
999 _aA3589
_c7157
_d7157